Modern cartography: base maps for world needs (Record no. 503631)

000 -LEADER
fixed length control field 00400cam a22001217a 4500
008 - FIXED-LENGTH DATA ELEMENTS--GENERAL INFORMATION
fixed length control field 180718b1949 xxu||||| |||| 00| 0 eng d
082 ## - DEWEY DECIMAL CLASSIFICATION NUMBER
Classification number J112 Un3
100 ## - MAIN ENTRY--PERSONAL NAME
Personal name Department of Social Affairs, United Nations
245 ## - TITLE STATEMENT
Title Modern cartography: base maps for world needs
260 ## - PUBLICATION, DISTRIBUTION, ETC.
Place of publication, distribution, etc. New York
Name of publisher, distributor, etc. Department of Social Affairs
Date of publication, distribution, etc. 1949
300 ## - PHYSICAL DESCRIPTION
Extent 95p.
700 ## - ADDED ENTRY--PERSONAL NAME
Personal name United Nations. Department of Social Affairs
Holdings
Withdrawn status Lost status Damaged status Not for loan Permanent Location Current Location Date acquired Full call number Barcode Date last seen Price effective from Koha item type
        Indian Institute of Public Administration Indian Institute of Public Administration 2018-08-04 J112 Un3 GG32224 2018-08-04 2018-08-04 GG

Powered by Koha